Nicholas Sparks Novels - Statistics

General Stats
  • This quiz has been taken 637 times
    636 since last reset
  • The average score is 8 of 16
Answer Stats
Published Title % Correct
1 October 1996 The Notebook
95%
3 October 1999 A Walk to Remember
72%
10 October 2006 Dear John
71%
14 September 2009 The Last Song
68%
15 September 2010 Safe Haven
59%
13 October 2008 The Lucky One
56%
2 April 1998 Message in a Bottle
53%
6 September 2002 Nights in Rodanthe
49%
16 October 2011 The Best of Me
42%
12 September 2007 The Choice
41%
8 September 2003 The Wedding
41%
5 September 2001 A Bend in the Road
29%
4 September 2000 The Rescue
29%
7 April 2003 The Guardian
28%
9 April 2005 True Believer
23%
11 October 2006 At First Sight
21%
No matching quizzes found
Score Distribution
Percent of People with Each Score
Percentile by Number Answered
Your Score History
You have not taken this quiz since the last reset